[Event "HCL-T267"]
[Site "www.playchess.de"]
[Date "2006.02.27"]
[Round "6"]
[White "Wilmy"]
[Black "hal1958"]
[WhiteElo "1248"]
[BlackElo "1416"]
[PlyCount "40"]
[Result "0-1"]

1.e4 e5 2.Nf3 Nc6 3.Bc4 Nf6 4.Ng5 Bc5 5.Nxf7 Bxf2+ 
{Good luck. A completely unknown opening for me.}  
6.Kxf2 {A very unknown one, I agree.}  Nxe4+ 7.Kg1 
Qh4 8.g3 Nxg3 9.hxg3 Qxg3+ 10.Kf1 Rf8 11.Qh5 d5 
12.Bxd5 Nd4 13.Na3 Bg4 14.Qh2 Be2+ 15.Qxe2 Nxe2 
16.Kxe2 c6 17.Nd6+ Kd7 18.Be4 Rf2+ 19.Kd1 Qg4+ 
20.Ke1 Qe2+ 0-1

[Event "HCL-B3856"]
[Site "www.playchess.de"]
[Date "2006.02.27"]
[Round "4"]
[White "ama49"]
[Black "chessH"]
[WhiteElo "1194"]
[BlackElo "1262"]
[PlyCount "93"]
[Result "1-0"]

1.e4 {Hello again - good luck}  e6 {Hi, wish u a 
good game.}  2.d4 c5 3.d5 d6 4.Nc3 Nf6 5.dxe6 Bxe6 
6.Nf3 Nc6 7.Bb5 Be7 8.O-O O-O 9.Bg5 a6 10.Be2 h6 
11.Bh4 d5 12.exd5 Nxd5 13.Bxe7 Ndxe7 14.h3 Ng6 
15.Ne4 f5 16.Nxc5 Qc8 17.Nxe6 Qxe6 18.Re1 Qf6 
19.Bc4+ Kh8 20.Re6 Rad8 21.Rxf6 Rxd1+ 22.Rxd1 Rxf6 
23.Rd7 Na5 24.Bd5 b5 25.Nd4 Nf4 26.Rd8+ Kh7 27.Nf3 
Nxd5 28.Rxd5 Nc4 29.b3 Na3 30.c3 Nc2 31.Nh4 g6 
32.Rd7+ Kg8 33.Ra7 Ne1 34.a4 bxa4 35.bxa4 g5 
36.Nf3 Nxf3+ 37.gxf3 Rc6 38.Kg2 h5 39.a5 h4 40.c4 
Rxc4 41.Rxa6 Ra4 42.Rg6+ Kf7 43.Rxg5 Rxa5 44.Rh5 
Ra4 45.Rxf5+ Kg6 46.Re5 Rb4 47.Re4 1-0

[Event "HCL-T266"]
[Site "www.playchess.de"]
[Date "2006.02.27"]
[Round "7"]
[White "gambitfan"]
[Black "stevetilbury"]
[WhiteElo "1510"]
[BlackElo "1610"]
[PlyCount "45"]
[Result "1-0"]

1.e4 e6 2.d4 d5 3.Nc3 Bb4 4.e5 c5 5.a3 Bxc3+ 
{Hello again}  6.bxc3 Nc6 7.Qg4 Nge7 8.Qxg7 Rg8 
9.Qxh7 Qa5 10.Bd2 c4 11.Nf3 Bd7 12.Be2 O-O-O 
13.O-O Rdf8 14.Ng5 Rgh8 15.Qg7 Rhg8 16.Qf6 Rg6 
17.Qf4 Nf5 18.Bh5 Rg7 19.Rfb1 Qc7 20.g4 Nh6 
21.Nxe6 Bxe6 22.Qxh6 Rfg8 23.h3 1-0

[Event "HCL-E1571"]
[Site "www.playchess.de"]
[Date "2006.02.27"]
[Round "31"]
[White "Harijs"]
[Black "golddim"]
[WhiteElo "1846"]
[BlackElo "1447"]
[PlyCount "47"]
[Result "1-0"]

1.d4 {hi}  Nf6 {Greetings}  2.c4 e6 3.Nf3 d5 4.Bg5 
Nbd7 5.cxd5 exd5 6.Nc3 Be7 7.e3 c6 8.Nd2 h6 9.Bf4 
O-O 10.Bd3 Re8 11.O-O b5 12.h3 b4 13.Na4 a5 14.Rc1 
Bb7 15.Qf3 Nb6 16.Nxb6 Qxb6 17.Rfd1 Rad8 18.Qg3 
Nh5 19.Bc7 Nxg3 20.Bxb6 Nh5 21.Bxd8 Rxd8 22.Nb3 
Ra8 23.Nc5 Bc8 24.Na4 1-0

[Event "HCL-B3835"]
[Site "www.playchess.de"]
[Date "2006.02.27"]
[Round "13"]
[White "slavi"]
[Black "GMO"]
[WhiteElo "1538"]
[BlackElo "1337"]
[PlyCount "85"]
[Result "1-0"]

1.e4 e5 2.Nf3 Nf6 3.Nxe5 Qe7 4.Nf3 Qxe4+ 5.Be2 Qg6 
6.O-O Be7 7.Nc3 c6 8.d4 d5 9.Bg5 h6 10.Bxf6 Bxf6 
11.Bd3 Qg4 12.h3 Qd7 13.Re1+ Kd8 14.Ne5 Bxe5 
15.Rxe5 f6 16.Re1 Qf7 17.Qf3 Be6 18.Re2 Re8 
19.Rae1 Nd7 20.Bf5 Nf8 21.Bxe6 Nxe6 22.Qf5 Kd7 
23.Qg4 Re7 24.f4 Rae8 25.f5 Ng5 26.R2xe7+ Rxe7 
27.Rxe7+ Qxe7 28.Qg3 Qe8 29.h4 Ne4 30.Qxg7+ Qe7 
31.Qxe7+ Kxe7 32.Nxe4 dxe4 33.Kf2 Kd6 34.c4 b5 
35.Ke3 a6 36.Kxe4 h5 37.c5+ Ke7 38.d5 cxd5+ 
39.Kxd5 Kd7 40.c6+ Kc7 41.Ke6 Kxc6 42.Kxf6 Kd7 
43.Kg7 1-0

[Event "HCL-C4013"]
[Site "www.playchess.de"]
[Date "2006.02.27"]
[Round "6"]
[White "Grunert"]
[Black "Milosforman"]
[WhiteElo "929"]
[BlackElo "937"]
[PlyCount "97"]
[Result "1-0"]

1.d4 d5 2.e3 e6 3.Nf3 Bb4+ 4.Nc3 Nd7 5.Bd2 Bxc3 
6.Bxc3 b6 7.g3 Ne7 8.Bg2 c5 9.dxc5 Nxc5 10.Bxg7 
Rg8 11.Bc3 a5 12.a3 b5 13.Qd2 Nc6 14.b4 axb4 
15.Bb2 bxa3 16.Bd4 Qe7 17.Ne5 Nxe5 18.Bxe5 Rg5 
19.Qd4 Ra4 20.Qc3 b4 21.Qd4 b3 22.Qc3 Rxe5 23.Qxe5 
b2 24.Rb1 Qb7 25.O-O Rc4 26.Qh8+ Kd7 27.Qf8 Kc6 
28.Rfd1 Kb6 29.Qd6+ Ka7 30.Rd4 Rxc2 31.Bf3 Rc1+ 
32.Kg2 Rxb1 33.Qxc5+ Qb6 34.Qxa3+ Qa6 35.Ra4 Ra1 
36.Rxa6+ Bxa6 37.Qxb2 Ra5 38.Qc2 Rb5 39.Be2 Rb6 
40.Bxa6 Rxa6 41.Qc7+ Ka8 42.Qxf7 Rb6 43.Qxh7 Rb7 
44.Qg8+ Rb8 45.Qxe6 d4 46.exd4 Rb7 47.Qc8+ Rb8 
48.Qxb8+ Kxb8 49.h4 1-0

[Event "HCL-A2608"]
[Site "www.playchess.de"]
[Date "2006.02.27"]
[Round "30"]
[White "BohdanL"]
[Black "Wernswig"]
[WhiteElo "1488"]
[BlackElo "1345"]
[PlyCount "101"]
[Result "1-0"]

1.c4 {hi again, good luck}  e5 {hello, god luck to 
you also}  2.Nc3 Nf6 3.g3 Nc6 4.Nf3 Be7 5.Bg2 d5 
6.cxd5 Nxd5 7.Nxe5 Nxc3 8.Bxc6+ bxc6 9.dxc3 Qxd1+ 
10.Kxd1 O-O 11.Nxc6 Bb7 12.Nxe7+ Kh8 13.Rg1 Rad8+ 
14.Ke1 Rfe8 15.Nf5 Bf3 16.Be3 Bg4 17.Nd4 c5 18.Nc6 
Rd7 19.Rd1 Rc7 20.Na5 Rce7 21.Nc4 f6 22.Nd6 Rb8 
23.Rb1 Re6 24.h3 Bh5 25.g4 Bg6 26.Nf5 Rbe8 27.Rd1 
Bf7 28.Rd6 R6e5 29.Rd7 Bxa2 30.Nxg7 R8e7 31.Rxe7 
Rxe7 32.Nf5 Rd7 33.Bxc5 Bb3 34.f4 Rd1+ 35.Kf2 Rd2 
36.Ra1 Bc4 37.Nd4 Rxb2 38.Rxa7 h6 39.Rc7 Bd3 
40.Ke3 Ba6 41.Rc6 Bb7 42.Rxf6 Kg7 43.g5 hxg5 
44.fxg5 Bc8 45.Nf5+ Bxf5 46.Rxf5 Kg6 47.Rd5 Kh5 
48.Kf3 {you always play till the mate :-)?}  Kh4 
{i can not win, when i resign}  49.g6 {also true 
:-)}  Rb7 50.Bf2+ Kxh3 {very good game, 
congratulations}  51.Rh5+ {thanks, and thank you 
for the game, good luck in your other games} 
 1-0

[Event "HCL-A2540"]
[Site "www.playchess.de"]
[Date "2006.02.27"]
[Round "13"]
[White "sparpaket"]
[Black "padre"]
[WhiteElo "1535"]
[BlackElo "1373"]
[PlyCount "61"]
[Result "1/2-1/2"]

1.e4 {Hi}  c5 {Hello from Boerne, TX}  2.Nf3 {This 
is Klagenfurt, Austria}  d6 {I've never been to 
Austria, though I would love to go sometime.}  
3.d4 {Then go!}  cxd4 {What is the best time of 
the year to visit there?}  4.Nxd4 {Skiing and 
hockey in winter, lakes and festivals in the 
summer, depends in what you´re interested.}  Nf6 
5.f3 g6 6.c4 Nc6 7.Be3 Bg7 8.Nc3 O-O 9.Qd2 Nxd4 
10.Bxd4 Bd7 11.Be2 a6 12.O-O Rc8 13.Rac1 Be6 
14.Nd5 Nxd5 15.cxd5 Bxd4+ 16.Qxd4 Bd7 17.Qe3 Qa5 
18.a3 Rxc1 19.Rxc1 Rc8 20.Rxc8+ Bxc8 21.b4 Qc7 
22.h3 b5 23.f4 e6 24.g4 e5 25.Kf2 f6 26.f5 g5 
27.Ke1 h6 28.Kd2 Kf8 29.h4 Kg7 30.hxg5 hxg5 31.Qc3 
{(offering draw)}  1/2-1/2

[Event "HCL-A2613"]
[Site "www.playchess.de"]
[Date "2006.02.27"]
[Round "9"]
[White "TyrTRR"]
[Black "shadow_cup"]
[WhiteElo "1734"]
[BlackElo "1800"]
[PlyCount "60"]
[Result "1-0"]

1.e4 {Hello, nice to meet you.  Good luck in our 
game.}  e6 {Hello. Nice to meet you also and ditto 
:)}  2.d4 {This is the first time I have ever 
played someone from Malta =)}  c5 {There is a 
first time for everything :cP Good luck ^_^}  3.d5 
g6 4.dxe6 fxe6 5.e5 Nc6 6.f4 Nge7 7.Nc3 a6 8.g3 b5 
9.Bg2 Bb7 10.Ne4 Nd5 11.Nf3 {I have never had a 
position like this on the diagonal =)}  Be7 {It is 
certainly turning out to be a beautiful game 
either way... ^_^}  12.h4 Qb6 13.Qe2 Nd4 14.Qf2 
O-O-O 15.c3 Nf5 16.h5 Nxf4 17.Bxf4 Bxe4 18.g4 Ng7 
19.h6 Ne8 20.Ng5 Bxg2 21.Qxg2 Rf8 22.Be3 Nc7 
23.Nxh7 Rfh8 24.Ng5 Bxg5 25.Bxg5 Rdf8 26.Bf6 Rh7 
27.g5 c4 28.O-O-O Nd5 29.Qe4 Qe3+ 30.Qxe3 
Nxe3 1-0

[Event "HCL-B3853"]
[Site "www.playchess.de"]
[Date "2006.02.27"]
[Round "2"]
[White "JRockne"]
[Black "GMO"]
[WhiteElo "1097"]
[BlackElo "1361"]
[PlyCount "43"]
[Result "1-0"]

1.e4 e5 2.Nf3 Bd6 3.Nc3 Nf6 4.Bc4 h6 5.d3 O-O 
6.O-O a6 7.a3 b5 8.Ba2 Bb7 9.h3 Re8 10.Ne2 Nc6 
11.b4 a5 12.Ng3 axb4 13.axb4 Nxb4 14.Bd2 Nxa2 
15.Nf5 Re6 16.Qb1 Nb4 17.Nxd6 Rxd6 18.Qxb4 Rxa1 
19.Rxa1 Ra6 20.Rxa6 Bxa6 21.Nxe5 Qe7 
22.Qxe7 1-0

[Event "ACL-A656"]
[Site "www.playchess.de"]
[Date "2006.02.27"]
[Round "6"]
[White "M_L"]
[Black "birdflu"]
[WhiteElo "1501"]
[BlackElo "1520"]
[PlyCount "87"]
[Result "1/2-1/2"]

1.e4 {Well hi again, good game!}  c5 {good game}  
2.Nf3 d6 3.d4 cxd4 4.Nxd4 Nf6 5.Nc3 g6 6.Be2 Bg7 
7.O-O O-O 8.Be3 Nc6 9.Nb3 Be6 10.Nd4 Bc8 11.f4 Qb6 
12.Qd3 Ng4 13.Bxg4 Bxd4 14.Bxd4 Qxd4+ 15.Qxd4 Nxd4 
16.Bd1 Be6 17.Nd5 f5 18.c3 Bxd5 19.exd5 Nb5 20.Bb3 
Kf7 21.Rf3 a5 22.a4 Nc7 23.Re1 Rac8 24.Rfe3 Rfe8 
25.h3 h5 {(offering draw)}  26.g3 Na8 27.R1e2 Nb6 
28.Kg2 Rc5 29.Kf3 Nd7 30.R2e1 b5 31.axb5 Nb6 
32.Ra1 Rxb5 33.c4 Rb4 {(offering draw)}  34.Rxa5 
Rxb3 35.Rxb3 Nxc4 36.Rab5 Nd2+ 37.Ke2 Nxb3 38.Rxb3 
h4 39.gxh4 Rh8 40.Kf2 Rxh4 41.Rf3 Rh8 42.b4 Rb8 
43.Rb3 Rb5 44.Kg3 {(offering draw) Ok, this seems 
to be just a clear draw. Well played, thank you 
=)}  1/2-1/2

[Event "HCL-C4130"]
[Site "www.playchess.de"]
[Date "2006.02.27"]
[Round "28"]
[White "Skipper_Robert"]
[Black "valpa"]
[WhiteElo "986"]
[BlackElo "1090"]
[PlyCount "92"]
[Result "0-1"]

1.e4 d5 2.e5 e6 3.d4 c5 4.c3 cxd4 5.Qxd4 b6 6.b4 
Nc6 7.Qe3 Nge7 8.Bb5 Bd7 9.Nf3 Ng6 10.h3 Qc7 
11.O-O Be7 12.Nbd2 O-O 13.a3 Bc8 14.Bd3 Ngxe5 
15.Ng5 Bxg5 16.Qg3 Bxd2 17.Bxd2 Qe7 18.Bf4 Nxd3 
19.Qxd3 Qf6 20.g3 Re8 21.Rfe1 Qd8 22.h4 Ne7 23.g4 
Ng6 24.Be5 Nxe5 25.Rxe5 Qxh4 26.Qd4 Qe7 27.Rae1 
Bd7 28.f4 Qh4 29.Qd1 Qg3+ 30.Kh1 Qxf4 31.Rh5 g6 
32.Rh2 Bc6 33.Qe2 d4+ 34.Kg1 Bf3 35.Rf1 Qg3+ 
36.Qg2 Bxg2 37.Rxg2 Qxc3 38.Rgf2 Ref8 39.R2f3 Qc6 
40.Kg2 f5 41.gxf5 exf5 42.Kg1 Qd5 43.Rh3 d3 44.Rd1 
Qd4+ 45.Kf1 Qf4+ 46.Kg1 Qg4+ 0-1

[Event "HCL-E1478"]
[Site "www.playchess.de"]
[Date "2006.02.28"]
[Round "4"]
[White "jameson"]
[Black "baggur"]
[WhiteElo "1705"]
[BlackElo "1617"]
[PlyCount "117"]
[Result "1-0"]

1.c4 {all the best}  e5 {Thanks and good luck to 
you}  2.g3 f5 3.d4 exd4 4.Qxd4 Nc6 5.Qe3+ Qe7 
6.Nc3 Nb4 7.Qxe7+ Bxe7 8.Nd5 Nxd5 9.cxd5 Nf6 
10.Bg2 Bb4+ 11.Bd2 Bxd2+ 12.Kxd2 O-O 13.Nh3 d6 
14.Nf4 Re8 15.h3 Ne4+ 16.Bxe4 Rxe4 17.Rac1 g5 
18.Nd3 c5 19.dxc6 bxc6 20.Rxc6 Re6 21.Rhc1 Bb7 
22.R6c7 Be4 23.f3 Bxd3 24.Kxd3 Rae8 25.R1c2 R6e3+ 
26.Kd4 R3xe2 27.Kd5 Rxc2 28.Rxc2 Re3 29.Rf2 Rd3+ 
30.Ke6 f4 31.gxf4 gxf4 32.Kf5 Rd4 33.Rc2 Rb4 34.b3 
Rb7 35.Kxf4 Kf7 36.Re2 Kf6 37.Re3 Rb4+ 38.Re4 Rb5 
39.Rc4 Rb7 40.Ke4 Ke6 41.Rd4 Rg7 42.Rd5 Rg3 43.Rh5 
Rg7 44.Rh6+ Kd7 45.f4 Kc6 46.Rh5 Re7+ 47.Kd3 Rf7 
48.f5 Kd5 49.f6+ Ke6 50.Rh6 Rxf6 51.Rxf6+ Kxf6 
52.Kd4 Ke6 53.h4 Kd7 54.h5 Ke6 55.h6 d5 56.b4 Kd6 
57.b5 Ke6 58.a4 Kd6 59.a5 1-0

[Event "HCL-M844"]
[Site "www.playchess.de"]
[Date "2006.02.28"]
[Round "31"]
[White "spidey"]
[Black "ABE"]
[WhiteElo "1897"]
[BlackElo "1646"]
[PlyCount "95"]
[Result "1-0"]

1.Nf3 d5 2.g3 c5 3.Bg2 e6 4.O-O Nf6 5.d3 Nc6 
6.Nbd2 Bd6 7.e4 O-O 8.Re1 Qc7 9.c3 dxe4 10.dxe4 e5 
11.Nc4 Rd8 12.Bg5 Be7 13.Qc2 h6 14.Bxf6 Bxf6 
15.Ne3 Be6 16.Rad1 Rxd1 17.Rxd1 Rd8 18.Nd5 Bxd5 
19.exd5 Ne7 20.c4 Nc8 21.Nd2 Nd6 22.Ne4 Nxe4 
23.Bxe4 b6 24.h4 g5 25.hxg5 Bxg5 26.Qe2 Kf8 27.Qg4 
Qd6 28.Rd3 Ke7 29.Rf3 Rf8 30.Rf5 f6 31.Rf3 Kd8 
32.Bf5 Rf7 33.Be6 Rh7 34.Qe4 Rg7 35.Kf1 Kc7 36.Bg4 
a6 37.Qf5 b5 38.Qc8+ Kb6 39.cxb5 axb5 40.Ra3 Ra7 
41.Rxa7 Kxa7 42.Bd7 Qxd5 43.Bc6 Qf7 44.Bxb5 Qd5 
45.Qa6+ Kb8 46.Bc6 Qd1+ 47.Kg2 Kc7 
48.Qb7+ 1-0

[Event "HCL-B3851"]
[Site "www.playchess.de"]
[Date "2006.02.28"]
[Round "8"]
[White "Absoluter_Beginner"]
[Black "taroak"]
[WhiteElo "1500"]
[BlackElo "1375"]
[PlyCount "39"]
[Result "1/2-1/2"]

1.e4 c5 2.Nf3 g6 3.d4 cxd4 4.Nxd4 Nc6 5.Nc3 Bg7 
6.Be3 Nf6 7.Nxc6 bxc6 8.e5 Ng8 9.f4 Nh6 10.Bc4 d5 
11.Bb3 Nf5 12.Bf2 Ba6 13.Ne2 O-O 14.O-O h5 15.Re1 
e6 16.Nd4 Nxd4 17.Bxd4 Qe7 18.Qc1 c5 19.Bf2 Bb5 
20.c4 {(offering draw)}  1/2-1/2

[Event "HCL-C4134"]
[Site "www.playchess.de"]
[Date "2006.02.28"]
[Round "20"]
[White "Azimut"]
[Black "aussie"]
[WhiteElo "800"]
[BlackElo "1113"]
[PlyCount "71"]
[Result "1-0"]

1.e3 {Hello my friend, it's again me..:-) Good 
luck!}  c5 {to you also. why not fill out your 
extended profile.}  2.b3 {Oh yes, about my profil 
I will how doing it. I'm soryy but I'm a new 
member and I don't understand all...}  d5 {have 
fun, you are a good player.}  3.d3 d4 4.g3 Nc6 
5.Bg2 Bd7 6.Bb2 e5 7.Ne2 g6 8.Nd2 Rb8 9.a3 Bg7 
10.h3 Nge7 11.O-O O-O 12.e4 {Thanks you very much 
for the other game where I have many luck.}  f5 
{I'm not convinced that it was luck}  13.exf5 {I 
don't know but a thing is certain, it's very 
pleasant to play for fun. Main thing is having 
pleasure to play chess without computer like 
happen in some very knowing association...}  Nxf5 
14.g4 Nfe7 {So far I have been pleased with this 
association. If any of my opponents used a 
computer against me, I am not sophisticated enough 
to realize it.}  15.Ng3 {It's very interesting to 
play by himself even if we lose... And in my case 
I'm a beginner.}  Be6 16.Be4 Nd5 17.Ne2 Qh4 18.Bg2 
Nf4 19.Nxf4 exf4 20.Nf3 Qf6 21.Nd2 Ne5 22.Ne4 Qh4 
23.f3 b6 24.Qe1 Qe7 25.a4 a5 26.Kh1 Rbe8 27.Ba3 
Bf6 28.Nxf6+ Qxf6 29.Qe4 Reb8 30.Rae1 Rfe8 31.Qxe5 
Qxe5 32.Rxe5 Re7 33.Rfe1 Rbe8 34.Bc1 Kf7 35.Bxf4 
Kf6 36.Bg5+ 1-0

[Event "HCL-C4173"]
[Site "www.playchess.de"]
[Date "2006.02.28"]
[Round "10"]
[White "knightprancer"]
[Black "mib"]
[WhiteElo "1253"]
[BlackElo "906"]
[PlyCount "63"]
[Result "1-0"]

1.d4 {Hi and all the best from Ontario Canada !}  
e6 2.e4 Qf6 3.Nf3 Nc6 4.e5 Qd8 5.Bb5 Be7 6.Bxc6 
dxc6 7.O-O Bd7 8.c4 b6 9.Nc3 Bb4 10.Ne2 Ne7 11.a3 
Ba5 12.b4 Bxb4 13.axb4 O-O 14.Nf4 b5 15.c5 Nd5 
16.Nxd5 cxd5 17.h4 c6 18.h5 a5 19.Bg5 Qc7 20.h6 g6 
21.Nh4 a4 22.Qf3 f5 23.exf6 e5 24.Qg3 Rfe8 25.f4 
{you have been playing good defensive chess !}  e4 
26.Qh2 e3 27.Rfe1 Qc8 28.Nxg6 hxg6 29.h7+ Kh8 
30.f7 Re6 31.Rxe3 Rxe3 32.Bf6+ 1-0

[Event "HCL-C4127"]
[Site "www.playchess.de"]
[Date "2006.02.28"]
[Round "7"]
[White "EdDaChed"]
[Black "Tribun"]
[WhiteElo "1094"]
[BlackElo "715"]
[PlyCount "43"]
[Result "1-0"]

1.e4 e5 2.Bc4 d6 3.Bxf7+ Kxf7 4.d4 Be6 5.d5 Bd7 
6.Nf3 h6 7.Nc3 Nf6 8.Be3 Na6 9.O-O Nh5 10.a4 Nb4 
11.Nb5 Nf6 12.Nh4 Bg4 13.f3 Bh5 14.g4 g5 15.Nf5 
Bxg4 16.fxg4 Nxe4 17.Nfxd6+ Kg7 18.Nxe4 Nxd5 
19.Bxa7 Rc8 20.c4 Nb4 21.Qf3 c6 
22.Qf7+ 1-0

[Event "HCL-B3881"]
[Site "www.playchess.de"]
[Date "2006.02.28"]
[Round "2"]
[White "RUDI"]
[Black "PANDURANGAIAH"]
[WhiteElo "1234"]
[BlackElo "1011"]
[PlyCount "29"]
[Result "1-0"]

1.c4 {hi from Munich!}  e5 2.d4 exd4 3.Qxd4 d6 
4.Bf4 Qf6 5.Nf3 Qxd4 6.Nxd4 h6 7.e3 Nf6 8.Bd3 Be7 
9.O-O O-O 10.Nc3 Bd7 11.b4 a6 12.a4 Nc6 13.Nxc6 
Bxc6 14.b5 axb5 15.axb5 1-0

[Event "HCL-B3858"]
[Site "www.playchess.de"]
[Date "2006.02.28"]
[Round "9"]
[White "IRONMAIDEN"]
[Black "seisan"]
[WhiteElo "1206"]
[BlackElo "1392"]
[PlyCount "131"]
[Result "1-0"]

1.e4 c5 2.Nf3 d6 3.Bb5+ Nc6 4.Bxc6+ bxc6 5.O-O e5 
6.d3 Be7 7.Nbd2 f5 8.b3 f4 9.c4 Nf6 10.Bb2 Bg4 
11.Qc1 O-O 12.Bc3 h6 13.Ne1 Qd7 14.f3 Bh5 15.a3 a5 
16.b4 axb4 17.axb4 cxb4 18.Bxb4 c5 19.Bc3 Rfb8 
20.Nc2 Bf7 21.Ra3 Rxa3 22.Qxa3 Nh5 23.Rb1 Rxb1+ 
24.Nxb1 Qb7 25.Bb2 g5 26.Nc3 Be6 27.Bc1 Nf6 28.Nb5 
g4 29.fxg4 Nxg4 30.h3 Ne3 31.Bxe3 fxe3 32.Nxe3 Bd7 
33.Qa7 Qc8 34.Qb6 Bxb5 35.Qxb5 Bh4 36.Nf5 Qd8 
37.Nxh4 Qxh4 38.Qe8+ Kg7 39.Qd7+ Kh8 40.Qxd6 Qg5 
41.Qxc5 Qc1+ 42.Kh2 Qf4+ 43.Kh1 Qf1+ 44.Qg1 Qxd3 
45.Qe1 Qxc4 46.Qe3 Kg7 47.Qg3+ Kf6 48.Qh4+ Kg6 
49.Qg4+ Kf6 50.Qf5+ Kg7 51.Qxe5+ Kg6 52.Qf5+ Kg7 
53.e5 Qc1+ 54.Kh2 Qc7 55.Qf6+ Kh7 56.Qf5+ Kg7 
57.h4 Qe7 58.Kg3 Qa3+ 59.Kg4 Qa4+ 60.Qf4 Qd1+ 
61.Kf5 Qd7+ 62.e6 Qd3+ 63.Qe4 Qxe4+ 64.Kxe4 Kf6 
65.Kd5 Ke7 66.g4 1-0

[Event "HCL-M890"]
[Site "www.playchess.de"]
[Date "2006.02.28"]
[Round "2"]
[White "temple"]
[Black "ZorMaster"]
[WhiteElo "1731"]
[BlackElo "1813"]
[PlyCount "44"]
[Result "1/2-1/2"]

1.d4 {Hello from Canada,good luck.}  Nf6 
{greetings from The Netherlands and a gg}  2.c4 e6 
3.Nf3 b6 4.a3 d6 5.Nc3 Be7 6.e4 e5 7.dxe5 dxe5 
8.Qxd8+ Bxd8 9.Nxe5 O-O 10.f3 Re8 11.Nd3 Nc6 
12.Be3 Nd7 13.Kf2 Na5 14.Nc1 Ne5 15.b3 c6 16.Be2 
Bf6 17.Rb1 Nxf3 18.gxf3 Bxc3 19.b4 Nb7 20.Rg1 f5 
21.exf5 Bxf5 {you playing a very decent game! Cool 
:>)}  22.Bd3 {Thanks}  Bxd3 {(offering draw) what 
about a draw?}  1/2-1/2

[Event "HCL-E1533"]
[Site "www.playchess.de"]
[Date "2006.02.28"]
[Round "15"]
[White "Abra"]
[Black "temple"]
[WhiteElo "1500"]
[BlackElo "1727"]
[PlyCount "112"]
[Result "0-1"]

1.e4 {Hello again,gg
}  e5 2.Bc4 Nf6 3.d3 Nc6 {Happy New Year!}  4.a3 
{Thanks, also the best wishes for 
2006
}  Be7 5.Nf3 O-O 6.O-O d5 7.exd5 Nxd5 8.h3 Be6 
9.Ba2 Qd7 10.Re1 Bf6 11.c4 Nde7 12.Kh2 Ng6 13.Nc3 
Rad8 14.Re3 Nf4 15.Ne1 Bf5 16.Bb1 Be7 17.Qf3 b6 
18.g4 Bg6 19.Ne2 Nxe2 20.Qxe2 Bc5 21.Rg3 Rfe8 
22.Be3 Bd6 23.Kg1 Nd4 24.Qd1 e4 25.Rg2 Ne6 26.Kf1 
Be5 27.Ra2 exd3 28.Bd2 Nf4 29.Bxf4 Bxf4 30.b4 d2 
31.Nf3 Bxb1 32.Rxd2 Bxd2 33.Qxb1 Qd3+ 34.Qxd3 Rxd3 
35.Nxd2 Rxd2 36.Rg3 Ree2 37.Rf3 g6 38.Kg2 Rdc2 
39.c5 bxc5 40.bxc5 Rxc5 41.Kg3 Rec2 42.h4 R5c3 
43.h5 Rxf3+ 44.Kxf3 Rc3+ 45.Kf4 Kg7 46.Kg5 h6+ 
47.Kf4 Rxa3 48.Ke4 gxh5 49.gxh5 Rb3 50.Kd5 a5 
51.Kc6 a4 52.Kxc7 a3 53.Kd6 a2 54.f4 a1Q 55.f5 
Qd4+ 56.Ke7 Re3+ 0-1

[Event "HCL-A2602"]
[Site "www.playchess.de"]
[Date "2006.02.28"]
[Round "16"]
[White "RUDI"]
[Black "dynamike"]
[WhiteElo "1247"]
[BlackElo "1475"]
[PlyCount "90"]
[Result "0-1"]

1.e4 {schon wieder 4 Spiele gegen Dich, ich hoffe 
Dir wird es nicht langweilig}  c5 {Nein, bei der 
letzten habe ich ja fürchterlich gepatzt und es 
ging schnell vorbei. Weiter so :)}  2.Nc3 e6 3.g3 
Nc6 4.Nf3 a6 5.Bg2 Qc7 6.O-O Nf6 7.d3 Be7 8.Be3 
O-O 9.a3 b5 10.Ne2 Bb7 11.c4 bxc4 12.dxc4 Nxe4 
13.Qc2 d5 14.cxd5 exd5 15.Bf4 Qd7 16.Ne5 Nxe5 
17.Bxe5 Rac8 18.Bf4 Bf6 19.Rad1 Rfe8 20.Nc3 Nxc3 
21.Rd2 Nb5 {Ja was denn ? Den Springer schenkst Du 
mir so einfach. Ist denn schon wieder Weihnachten 
?? :-) Irgendwie glaubst Du nicht so recht daran, 
gewinnen zu können. Dabei hast Du doch schon oft 
gewonnen.}  22.Rfd1 {gegen dich?
weiß nicht, ich übersehe öfter mal was, schenken 
wollte ich eigentlich nix...}  Nd4 {Na dann sag 
ich mal "Danke". Auch wenn Du mir nichts schenken 
wolltest :-)}  23.Qb1 {bitte.}  Ne2+ 24.Kh1 Nxf4 
25.gxf4 d4 26.Bxb7 Qxb7+ 27.Kg1 Qc7 28.R2d3 Re4 
29.Rh3 h6 30.Qxe4 {is denn scho Weihnachten?}  Qd7 
{Ja, offensichtlich}  31.b3 Qxh3 {Irgendwie kommt 
aber immer alles zurück. Mochtest Du mein Geschenk 
nicht ?}  32.Rd3 {geht so}  Qe6 {Komm, laß uns 
abtauschen. Damen braucht doch keiner :-)}  33.Qb7 
{na dann schieb sie doch auf e5}  Qe1+ {nächstes 
Mal}  34.Kg2 {zählt nicht}  Re8 {willst Du 
wirklich noch gewinnen?}  35.Qxa6 {Löwen geben 
erst auf, wenn sie aufgeben. Sogar Stuttgart hat 
zwei Mal gewonnen diese Woche.}  Bh4 {Daß 
Stuttgart gewonnen hat, war ein Versehen :-)}  
36.Rf3 Re2 37.Qc8+ Kh7 38.Qf5+ Kh8 39.Qc8+ Kh7 
40.Qf5+ {links, rechts, vor, zurück, das macht 
Spaß...}  Kg8 41.Qc8+ Re8 42.Qxc5 {jetzt hab ich 
doch echt auf ein Remis gehofft...}  Rd8 {ach, und 
jetzt willst Du gewinnen ?}  43.b4 {na ja...}  d3 
{mach nur}  44.Rxd3 {...dann halt nicht - Du musst 
schon mitmachen!}  Rxd3 {Nö, jetzt wo Du mir 
Deinen Turm geschenkt hast, mache ich nicht mehr 
mit}  45.Qc8+ {Dame auf e8 oder ich geb auf, dann 
sehen wir uns im nächsten Spiel wieder. So sei 
es.}  Bd8 {Du wolltest doch nur einen Kh7 sehen 
:-)}  0-1

[Event "ACL-E212"]
[Site "www.playchess.de"]
[Date "2006.02.28"]
[Round "9"]
[White "ccmaster"]
[Black "wolter"]
[WhiteElo "2023"]
[BlackElo "1994"]
[PlyCount "117"]
[Result "1/2-1/2"]

1.Nf3 {Hello from Saint Paul, Minnesota.  Good 
luck.}  f5 {Hello Kenneth, Greetings from the 
Netherlands, First time we meet, I wish you good 
luck and an interseting game.}  2.c4 b6 3.g3 Bb7 
4.Bg2 Nf6 5.O-O e6 6.d4 Be7 7.d5 O-O 8.Ng5 exd5 
9.cxd5 Bd6 10.Qc2 h6 11.Nh3 Na6 12.Nc3 Ng4 13.Bf4 
Be5 14.Bxe5 Nxe5 15.Rfd1 Qf6 16.Rac1 c5 17.dxc6 
dxc6 18.Nb5 Nc5 19.Nd6 Rad8 20.Nxb7 Nxb7 21.Qa4 
Na5 22.b4 Nac4 23.Rxd8 Rxd8 24.b5 cxb5 25.Qxb5 Nd6 
26.Qa4 Qe7 27.Nf4 Kh7 28.Nd5 Qd7 29.Qd4 Qe6 30.Qe3 
Qe8 31.Rc7 Rd7 32.Rxd7 Nxd7 33.Ne7 Nf6 34.Bc6 Qf7 
35.Qe5 Nde4 36.f3 Nc3 37.a4 f4 38.gxf4 Qb3 39.Qf5+ 
Kh8 40.Qd3 Qb2 41.Bb5 Qc1+ 42.Kg2 Nxb5 43.axb5 Qc5 
44.Ng6+ Kh7 45.Nh4+ Kg8 46.e4 Qh5 47.Kg3 Qf7 48.f5 
Qc7+ 49.Kg2 Nh5 50.Ng6 Nf4+ 51.Nxf4 Qxf4 52.Kh3 
Kh7 53.Qe2 Kh8 54.Qf2 Qe5 55.Qe2 Qf4 {(offering 
draw)}  56.Qd1 {I wish to play on until I can 
evaluate how my version od Shredder 9 plays in the 
endgame.}  Qe3 57.Kg2 Qg5+ 58.Kf1 Qf4 59.Kg2 
{(offering draw) It's clear that Shredder cannot 
make progress in this endgame.  So, I offer a 
draw.  Regards, Ken.}  1/2-1/2

[Event "HCL-B3851"]
[Site "www.playchess.de"]
[Date "2006.02.28"]
[Round "6"]
[White "pegasus"]
[Black "ChessMassacre"]
[WhiteElo "1131"]
[BlackElo "1200"]
[PlyCount "55"]
[Result "1-0"]

1.e4 {hello ..good luck}  c6 2.d4 d5 3.e5 f6 4.f4 
e6 5.a3 f5 6.Nc3 Nh6 7.h3 a6 8.h4 Bd6 9.exd6 Qxd6 
10.Nf3 Nd7 11.Be3 b5 12.b4 Ng4 13.Qe2 Ndf6 14.g3 
Ne4 15.Nxe4 dxe4 16.Ng5 e5 17.fxe5 Qd5 18.Bh3 Be6 
19.Bxg4 fxg4 20.Nxe6 Qxe6 21.Rf1 O-O-O 22.a4 Rhf8 
23.axb5 Rf7 24.Rxa6 Qd5 25.Qxg4+ Kc7 26.Rxf7+ Kb8 
27.Qxg7 Rc8 28.Rb7+ 1-0

[Event "HCL-A2603"]
[Site "www.playchess.de"]
[Date "2006.02.28"]
[Round "9"]
[White "Huib"]
[Black "cabe"]
[WhiteElo "1327"]
[BlackElo "1441"]
[PlyCount "23"]
[Result "1-0"]

1.e4 {veel succes}  e5 {Hetzelfde en een prettige 
wedstrijd.}  2.Nf3 Nf6 3.Nc3 Bc5 4.Bc4 O-O 5.Nxe5 
Bd4 6.Nxf7 Rxf7 7.Bxf7+ Kxf7 8.Nd5 Nxe4 9.Qf3+ Nf6 
10.c3 c6 11.Ne3 Bb6 12.d4 1-0